000 00821nam a2200229 a 4500
005 20140310183409.0
008 121029s19uu xx 00 eng d
020 _a9780240814353
050 _aNC 780
_b.M38 2011
100 _aMattesi, Michael D.
245 _aForce animal drawing :
_banimal locomotion and design concepts for animators /
_cMichael D. Mattesi.
260 _aWaltham, MA :
_bFocal Press,
_c2011.
300 _a195 p. :
_bill. ;
_c28 cm.
500 _aIncludes bibliographical references (p. 189) and index
520 _aProvides instructions on the techniques of drawing a variety of animals using the basics of animal locomotion and anatomy
521 _aMA
650 _aAnimals in art
650 _aMotion in art
650 _aDrawing
_xTechnique
942 _cBK
_2lcc
_kFOR
999 _c22462
_d22462